000 00792nam a2200229 a 4500
005 20210219160422.0
008 081107s2000 mx r 000 0 spa d
020 _a9509413690 (Ediciones del Sol, S.R.L.)
020 _a92-3-303280-9.
035 _aUPN01000165323
049 _aUNE
080 _a910 (67) BUR.
100 1 _aBurton, Richard Francis
245 1 3 _aEl Descubrimiento de las fuentes del Nilo/ por Richard Francis Burton; John N. Speke.
260 _aParís : UNESCO; Buenos Aires : Ediciones del Sol, S.R.L., 1996.
300 _a312 p.; 22 cm. il.
440 0 _aColección UNESCO de Obras representativas
690 _aHistoria africana- Exploracion geografica
690 _aObras literarias representativas- Africa
700 1 _aSpeke, John N.
905 _aUNESCO
999 _c137435
_d137435